000
00347nam a2200145Ia 4500
003
OSt
005
20240104112248.0
008
170524s9999 xx 000 0 und d
020
_a
9781412914239
040
_c
IIMT UNIVERSITY
100
_a
FINK- ARLENE
245
0
_a
HOW TO CONDUCT SURVEYS A STEP BY STEP GUIDE
260
_b
SAGE
942
_2
ddc
_c
02
999
_c
8279
_d
8279